000 01262nam a2200337 i 4500
001 13597
003 KOSZ 005
005 20190801131443.0
008 071218s1967 pl f 000 0 pol
015 _aPB 1967/5160
035 _a(OCoLC)749448079
040 _aWA N
_cWA N
_dKOSZ 005/KK
041 1 _apol
_hfre
080 _a65.01+301
100 1 _aCrozier, Michel
_d(1922- )
_eAutor
245 1 0 _aBiurokracja :
_banatomia zjawiska /
_cMichel Crozier ; [tł. Stanisław Łypacewicz].
246 1 _iTytuł oryginału:
_aPhénoméne bureaucratique.
260 _aWarszawa :
_bPaństwowe Wydawnictwo Ekonomiczne,
_c1967.
300 _a467, [1] stron ;
_c23 cm.
336 _2rdacontent
_aTekst
_btxt
337 _2rdamedia
_aBez urządzenia pośredniczącego
_bn
338 _2rdacarrier
_aWolumin
_bnc
380 _aKsiążki.
500 _aTyt. oryg.:"Le phénoméne bureaucratique" 1963.
658 _aGospodarka, ekonomia, finanse
658 _aPolityka, politologia, administracja publiczna
700 1 _aŁypacewicz, Stanisław.
_eTł.
710 2 _aPaństwowe Wydawnictwo Ekonomiczne
_4pbl.
856 _uhttp://koha.tu.koszalin.pl/cgi-bin/koha/opac-detail.pl?biblionumber=13597
_yKatalog online BPK
942 _2UKD
_cKS
999 _c13597
_d13597